000 01001nam a2200265Ia 4500
003 OSt
005 20220923211246.0
006 a|||||r|||| 00| 0
007 ta
008 220922b |||||||| |||| 00| 0 san d
020 _a9788178542751 (hbk)
_c1200
024 _a286,576
037 _b241, 27/11/2015, Eastern Book Linkers
_cTextual
040 _aARTS
_cARTS
_bsan
041 _2san
_asan
082 _aO15,2D40:g(R4), 152Q5
100 _aमाथुर, कमलेश
_9156290
245 0 _aकालिदास - साहित्य में जीवनमूल्य
246 _aKālidās - sāhitya mean jīvanamūlya
260 _aदिल्ली
_b ईस्टर्न बुक लिंकर्स
_c2015
300 _a384पृ0
_ccm.
650 _aसंस्कृत साहित्य
942 _hO15,2D40:g(R4), 152Q5
_cTEXL
_2CC
999 _c297821
_d297821